| 000 | 00377 a2200169 4500 | ||
|---|---|---|---|
| 001 | 191823 | ||
| 020 | _a85-08-06616-3 | ||
| 040 | _cMagnum | ||
| 100 | _aChianca, Rosaly Braga | ||
| 240 | 1 | 0 |
_aUma viagem para o campo _lpor |
| 245 | 1 | 0 | _aUma viagem para o campo |
| 300 | _a47 | ||
| 362 | 0 | _a1997 | |
| 440 | 1 | _aÁtica | |
| 697 | _aLITERATURA INFANTO-JUVENIL | ||
| 942 | _cBK | ||
| 999 |
_c191823 _d191823 |
||